Rodina na prelome tisícročí - subjekt kultúry, kresťanských a všeľudských hodnôt medzinárodná vedecká konferencia, Trnava, 23.-24.11.1999

Bibliographic Details
Other Authors: Ďurikovič, Vladimír, 1940-2021 (Compiler)
Format: Book
Language:Slovak
English
French
Italian
PhysicalDescription:245 strán 24 cm
Published: V Trnave Univerzita sv. Cyrila a Metoda [etc.] 1999
ISBN:8096819135
Subjects:

MARC

LEADER 00000cam a2200000 a 4500
001 vtls001380177
003 SK-MaSNL
005 20260301161349.0
008 220509s1999 xo frn 10000 slo
015 |a SNBA2000/05-01625 
020 |a 8096819135 
035 |a SNK000334163 
035 |a urn:nbn:sk:snk-am3izs6 
035 |a 3F09D578-E89D-4F65-A406-57F86AC04D58 
035 |a urn:nbn:sk:snk-am00gmpj 
040 |a SNK  |b slo  |c SNK  |e AACR2 
041 0 |a slo  |a eng  |a fre  |a ita 
044 |a xo  |c SK 
072 7 |a 17  |x Etika. Morálna filozofia  |2 konspekt 
072 7 |a 316.8  |x Manželstvo a rodina. Sexuálne vzťahy  |2 konspekt 
080 |a 173(082)=00  |2 1981 
080 |a 173  |2 2011 
080 |a 316.752  |2 2011 
080 |a 316.356.2  |2 2011 
080 |a (062.534)  |2 2011 
080 |a 364-787.24  |2 2011 
080 |a 37.016:37.018.1  |2 2011 
080 |a 342.722  |2 2011 
245 0 0 |a Rodina na prelome tisícročí - subjekt kultúry, kresťanských a všeľudských hodnôt  |b medzinárodná vedecká konferencia, Trnava, 23.-24.11.1999  |c [zostavil: Vladimír Ďurikovič] 
260 |a V Trnave  |b Univerzita sv. Cyrila a Metoda [etc.]  |c 1999 
300 |a 245 strán  |c 24 cm 
500 |a Obsahuje zoznam účastníkov 
500 |a Údaj o zostavovateľovi prevzatý z tiráže 
504 |a Obsahuje bibliografické odkazy 
546 |a Čiastočný text v angličtine, francúzštine a taliančine 
650 0 7 |a rodina  |2 SNKPH  |9 4138 
650 0 7 |a hodnotová orientácia  |2 SNKPH  |9 1021 
650 0 7 |a rodinná politika  |2 SNKPH  |9 3722 
650 0 7 |a rodinná výchova  |2 SNKPH  |9 66934 
650 0 7 |a rodová rovnosť  |2 SNKPH  |9 83324 
655 7 |a zborníky konferencií  |2 SNKPH  |9 70153 
700 1 |a Ďurikovič, Vladimír,  |d 1940-2021  |4 com  |9 215013 
919 |a 80-968191-3-5 
958 |a ART 
958 |a TL 
958 |a NB 
958 |a OND 
999 |c 809138  |d 811068 
952 |t P60, <03>, [BOOK], {603}  |a SNK  |b SNK  |y PREZ  |7 0  |p 17A0222843  |o snkSC 100459/[1]  |i snkKSP 193/2000  |0 0  |1 0  |4 0  |d 2000-01-07  |l 0  |r 2025-09-19 00:00:00  |w 2026-02-24 
952 |t P60, <04>, [BOOK], {604}  |a SNK  |b SNK  |y VYP  |7 0  |p 17A0222844  |o snkSC 100459/[1] D1  |i snkKSP 194/2000  |0 0  |1 0  |4 0  |d 2000-01-07  |l 0  |r 2005-01-02 00:00:00  |w 2026-02-24